21: La frontiera della medicina : (Registro nro. 5084)
[ vista simple ]
| 000 -CABECERA | |
|---|---|
| campo de control de longitud fija | 00590nam a22002291i 4500 |
| 001 - NÚMERO DE CONTROL | |
| campo de control | IT\ICCU\TSA\1440249 |
| 003 - IDENTIFICADOR DEL NÚMERO DE CONTROL | |
| campo de control | ItRI |
| 005 - FECHA Y HORA DE LA ÚLTIMA TRANSACCIÓN | |
| campo de control | 20241122062748.0 |
| 008 - DATOS DE LONGITUD FIJA--INFORMACIÓN GENERAL | |
| campo de control de longitud fija | 150918s2006 it |||||| ||||| |||||c |
| 040 ## - FUENTE DE LA CATALOGACIÓN | |
| Centro/agencia transcriptor | AR-RoIUNI |
| 041 #7 - CÓDIGO DE LENGUA | |
| Código de lengua del texto/banda sonora o título independiente | ita |
| Fuente del código | ISO-639-2 |
| 080 ## - NÚMERO DE LA CLASIFICACIÓN DECIMAL UNIVERSAL | |
| Número de la Clasificación Decimal Universal | 616 |
| 245 07 - MENCIÓN DE TÍTULO | |
| Título | 21: La frontiera della medicina : |
| Resto del título | il DNA / |
| Mención de responsabilidad, etc. | Kevin Davies. |
| 260 ## - PUBLICACIÓN, DISTRIBUCIÓN, ETC. (PIE DE IMPRENTA) | |
| Lugar de publicación, distribución, etc. | Milano : |
| Nombre del editor, distribuidor, etc. | RCS, |
| Fecha de publicación, distribución, etc. | [2006] |
| 300 ## - DESCRIPCIÓN FÍSICA | |
| Extensión | 473 p. : |
| Otras características físicas | ill. ; |
| Dimensiones | 22 cm. |
| 650 10 - PUNTO DE ACCESO ADICIONAL DE MATERIA--TÉRMINO DE MATERIA | |
| Término de materia o nombre geográfico como elemento inicial | Medicina |
| 9 (RLIN) | 58 |
| 650 10 - PUNTO DE ACCESO ADICIONAL DE MATERIA--TÉRMINO DE MATERIA | |
| Término de materia o nombre geográfico como elemento inicial | ADN |
| 830 #0 - PUNTO DE ACCESO ADICIONAL DE SERIE-TÍTULO UNIFORME | |
| Título uniforme | Salute ; |
| Designación de número de volumen o secuencia | 21 |
| Número de control de registro de autoridad | IT\ICCU\RCA\0330066 |
| 982 #1 - EQUIVALENCIA O REFERENCIA-CRUZADA-MENCIÓN DE SERIE--NOMBRE DE CONFERENCIA O REUNIÓN/CONGRESO/TÍTULO [LOCAL, CANADÁ] | |
| Enlace | z01 |
| Nombre de congreso/reunión o jurisdicción como elemento de entrada | n |
| 942 ## - ELEMENTOS DE PUNTO DE ACCESO ADICIONAL (KOHA) | |
| Fuente del sistema de clasificación o colocación | Clasificación Decimal Universal |
| Tipo de ítem Koha | Libros |
| 981 #1 - EQUIVALENCIA O REFERENCIA-CRUZADA-MENCIÓN DE SERIE--NOMBRE DE ENTIDAD CORPORATIVA/TÍTULO [LOCAL, CANADÁ] | |
| Enlace | z01 |
| Nombre de entidad corporativa o nombre de jurisdicción como elemento de entrada | i |
| Unidad subordinada | xxxe |
| Estado de retiro | Estado de pérdida | Fuente del sistema de clasificación o colocación | Estado dañado | Excepción de préstamo | Código de colección | Localización permanente | Ubicación/localización actual | Ubicación en estantería | Fecha de adquisición | Número de inventario | Total de préstamos | Signatura topográfica completa | Código de barras | Fecha visto por última vez | Precio válido a partir de | Tipo de ítem Koha |
|---|---|---|---|---|---|---|---|---|---|---|---|---|---|---|---|---|
| Clasificación Decimal Universal | Idiomas | BIBLIOTECA CENTRAL | BIBLIOTECA CENTRAL | BIBLIOTECA CENTRAL | 29/08/2019 | 6615 | 616 | 6615c | 29/08/2019 | 29/08/2019 | Libros |

